• 首页
  • 本馆介绍
  • 公告通知
  • 最新文献
  • 馆藏检索
  • 电子资源
  • 读者导购
  • 参考咨询
  • 我的图书馆
  • 登录
  • 详细信息显示
  • 放入我的书架
  • 预约/预借图书
  • 作者相关作品
  • 分类相关作品
  • 丛书相关作品
  • 出版社相关作品

书目信息

  • 表格格式
  • 工作单格式
  • 卡片格式
题名:
不争辩的智慧
    
 
作者: 田村耕太郎 著 ;胡南夫 译
分册:  
出版信息: 北京   北京大学出版社  2017
页数: 176页
开本: 21cm
丛书名:
单 册:
中图分类: C912.11-49 , C912.11
科图分类:
主题词: 心理交往--通俗读物
电子资源:
ISBN: 978-7-301-28354-7
000 00843nam0 2200241 450
001 510
005 20180520222617.68
010    @a978-7-301-28354-7@dCNY36.00
100    @a20171018d2017 em y0chiy50 ea
101 1  @achi@cjpn
102    @aCN@b110000
105    @ay z 000yy
200 1  @a不争辩的智慧@9bu zheng bian de zhi hui@f(日)田村耕太郎著@g胡南夫译
210    @a北京@c北京大学出版社@d2017
215    @a176页@d21cm
330    @a本书分为六章,内容包括:因明争暗斗而浪费了人生的自己、如何舍弃麻烦且无谓的自尊心、越是讨厌的人越要装作低他一等、工作中不需要假想敌、人生中最重要的能力等。
606 0  @a心理交往@j通俗读物
690    @aC912.11-49@v5
690    @aC912.11@v4
701  0 @c(日)@a田村耕太郎@9tian cun geng tai lang@4著
702  0 @a胡南夫@9hu nan fu@4译
801  0 @aCN@b91MARC@c20171018
905    @aMuseLib@dC912.11@e1315
    
    不争辩的智慧/(日)田村耕太郎著/胡南夫译.-北京:北京大学出版社,2017
    176页;21cm
    
    
    ISBN 978-7-301-28354-7:CNY36.00
    本书分为六章,内容包括:因明争暗斗而浪费了人生的自己、如何舍弃麻烦且无谓的自尊心、越是讨厌的人越要装作低他一等、工作中不需要假想敌、人生中最重要的能力等。
●
相关链接 在E读中查询图书 在五车中查询图书 在当当中查询图书 在豆瓣中查询图书


正题名:不争辩的智慧     索取号:C912.11/1315         预约/预借

序号 登录号 条形码 馆藏地/架位号 状态 备注
1 1102997   211029974   第一样本阅览室/ [索取号:C912.11/1315] 在馆    
2 1102998   211029983   教育系资料室/ [索取号:C912.11/1315] 在馆    
3 1102999   211029992   教育系资料室/ [索取号:C912.11/1315] 在馆    
4 1103000   211030007   教育系资料室/ [索取号:C912.11/1315] 在馆    
5 1103001   211030016   第一借阅区/ [索取号:C912.11/1315] 在馆    
6 1103002   211030025   第一借阅区/ [索取号:C912.11/1315] 在馆    
唐山师范学院图书馆 欢迎您!
大连网信软件有限公司© 版权所有